| 000 | 01933nam0a2200313 4500 | ||
|---|---|---|---|
| 001 | RU\NLR\bibl\12356 | ||
| 005 | 20260407021532.0 | ||
| 010 |
_a5-8004-0008-3 _9350 |
||
| 021 |
_aRU _b98-28226 _91349 |
||
| 035 | _a(NLR Aleph) 000012043 | ||
| 090 |
_a44118 _c44118 |
||
| 100 | _a19990129d1998 |||y0rusy50 ca | ||
| 101 | 0 | _arus | |
| 102 | _aRU | ||
| 105 | _a||||||||||||| | ||
| 200 | 1 |
_aНаучный поиск в обработке давлением _eСб. науч. тр. соискателей и аспирантов каф. "Материаловедение, качество и сервис металлург. и машиностроит. технологий" МГМА под ред. акад. Г.С. Гуна " _fАкад. пробл. качества Рос. Федерации, Урал. регион. центр Отд-ния металлургии, Магнитогор. горн.-металлург. акад. им. Г.И. Носова |
|
| 210 |
_aМагнитогорск _cИзд-во ПМП "МиниТип" _d1998 |
||
| 215 |
_a215 с. _cил. _d20 |
||
| 320 | _aАвт. указ. ст.: с. 177 - 178 | ||
| 320 | _aБиблиогр. в конце ст. | ||
| 606 | 0 |
_aМеталлы _jСборники _xОбработка давлением _xНаучно-исследовательская работа _92078429 _3RU\NLR\auth\661254284 |
|
| 686 | _aК62-1я43 | ||
| 702 | 1 |
_aГун _bГ. С. _gГеннадий Семенович _4340 |
|
| 712 | 0 | 2 |
_4570 _aМагнитогорская горно-металлургическая академия им. Г. И. Носова _bКафедра "Материаловедение, качество и сервис металлургических и машиностроительных технологий" _3RU\NLR\AUTH\8810006494 _9510504 |
| 801 | 0 |
_aRU _bNLR _c19990129 _gPSBO |
|
| 801 | 1 |
_aRU _bNLR _c19990129 |
|
| 852 |
_aNLR _j98-3/8540 |
||
| 942 | _cBOOK | ||
| 980 | _aNB | ||